00206nam a22000977a 4500008004100000082001100041245002000052260000900072300001000081440001700091180802b xxu||||| |||| 00| 0 eng d a813.52 aDon ElliscDisc c1973 a1fCD x602517859593